000 00533nam a2200193Ia 4500
005 20250326144800.0
008 250326s9999 xx 000 0 und d
020 _a0 8039 7782 4
037 _aTextbook
040 _aFMSL
_beng
_cFMSL
041 _aeng
_2eng
084 _aT:3(X:8) N6
_qFMSL
100 _aFrench R
_9750098
245 0 _aRethinking management education
_cFrench R; Grey C
260 _aNew Delhi
_bNew Delhi, Sage
_c1996
300 _a206p
942 _cTB
_hT:3(X:8) N6
999 _c1305029
_d1305029